Little wise wolf / written by Gijs van der Hammen ... Read More
Available copies
- 1 of 1 copy available at LARL/NWRL Consortium.
Current holds
0 current holds with 1 total copy.
Show Only Available Copies
| Location | Call Number / Copy Notes | Barcode | Shelving Location | Status | Due Date |
|---|---|---|---|---|---|
| Thief River Falls Public Library | e HAM (Text) | 35500006334617 | Main | Available | - |
Record details
- ISBN: 9781525305498
- ISBN: 1525305492
- Physical Description: 1 volume (unpaged) : color illustrations ; 25 cm x ... Read More
- Edition: North American English edition.
- Publisher: Toronto : Kids Can Press, 2020.
Content descriptions
| General Note: | Previously published: Bristol: Book Island, 2018. Translation of: Kleine wijze wolf. Translated from the Dutch by Laura Watkinson. |
| Summary, etc.: | "Little Wise Wolf is very wise. He loves reading ... Read More |
Search for related items by subject
| Genre: | Picture books. |
| LDR | 02013cam a22004578i 4500 | ||
|---|---|---|---|
| 001 | 355377 | ||
| 003 | LARL_NWRL_CONSORTIUM | ||
| 005 | 20201210141430.0 | ||
| 008 | 200130s2020 onca j 000 1 eng | ||
| 020 | . | ‡a9781525305498 ‡q(hardcover) | |
| 020 | . | ‡a1525305492 ‡q(hardcover) | |
| 035 | . | ‡a(OCoLC)1138019845 | |
| 040 | . | ‡aNLC ‡beng ‡erda ‡cNLC ‡dBDX ‡dYDX ‡dZAC ‡dTOH ‡dUAP ‡dLMJ ‡dGZD | |
| 041 | 1 | . | ‡aeng ‡hdut |
| 042 | . | ‡alac | |
| 082 | 0 | . | ‡aj839.313/7 ‡223 |
| 100 | 1 | . | ‡aHammen, Gijs van der, ‡eauthor. |
| 245 | 1 | 0. | ‡aLittle wise wolf / ‡cwritten by Gijs van der Hammen ; illustrated by Hanneke Siemensma. |
| 250 | . | ‡aNorth American English edition. | |
| 264 | 1. | ‡aToronto : ‡bKids Can Press, ‡c2020. | |
| 300 | . | ‡a1 volume (unpaged) : ‡bcolor illustrations ; ‡c25 cm x 30 cm | |
| 336 | . | ‡atext ‡btxt ‡2rdacontent | |
| 336 | . | ‡astill image ‡bsti ‡2rdacontent | |
| 337 | . | ‡aunmediated ‡bn ‡2rdamedia | |
| 338 | . | ‡avolume ‡bnc ‡2rdacarrier | |
| 500 | . | ‡aPreviously published: Bristol: Book Island, 2018. | |
| 500 | . | ‡aTranslation of: Kleine wijze wolf. | |
| 500 | . | ‡aTranslated from the Dutch by Laura Watkinson. | |
| 520 | . | ‡a"Little Wise Wolf is very wise. He loves reading books and soaking up all the knowledge embodied within them. One day, Little Wise Wolf is called on to use his impressive wisdom to help the ailing king. But on his way to the palace, he slowly realizes he may not be as wise as he thinks he is, and that the world is much bigger than that contained within his books."-- ‡cProvided by publisher. | |
| 650 | 0. | ‡aWolves ‡vJuvenile fiction. | |
| 650 | 0. | ‡aBooks and reading ‡vJuvenile fiction. ‡0(LARL_NWRL_CONSORTIUM)170937 | |
| 650 | 0. | ‡aWisdom ‡vJuvenile fiction. | |
| 650 | 0. | ‡aHelping behavior ‡vJuvenile fiction. ‡0(LARL_NWRL_CONSORTIUM)172388 | |
| 650 | 0. | ‡aKings and rulers ‡vJuvenile fiction. ‡0(LARL_NWRL_CONSORTIUM)172662 | |
| 650 | 0. | ‡aLearning and scholarship ‡vJuvenile fiction. | |
| 650 | 0. | ‡aFriendship ‡vJuvenile fiction. ‡0(LARL_NWRL_CONSORTIUM)164914 | |
| 655 | 7. | ‡aPicture books. ‡2lcgft | |
| 700 | 1 | . | ‡aSiemensma, Hanneke, ‡eillustrator. |
| 700 | 1 | . | ‡aWatkinson, Laura, ‡etranslator. |
| 901 | . | ‡a355377 ‡b ‡c355377 ‡tbiblio | |

Add to basket
Permalink
Disable Highlighting